Lord of the Rings Quiz (hard) - Statistics

General Stats
  • This quiz has been taken 555 times
  • The average score is 5 of 15
Answer Stats
Hint Answer % Correct
the first dark lord Melkor
75%
first name of minas morgul Minas Ithil
71%
father of isildur Elendil
63%
number of the lost seeing stones 7
57%
name of the stairs frodo and sam climb in return of the king Cirith Ungol
52%
age the first dark lord ruled in First Age
35%
lothloriens most beloved star Earendil
32%
creator of middle earth Eru Iluvatar
27%
captain of the isengard uruk hai Ugluk
23%
another name for the lost seeing stones Palantirs
22%
other name for sauron Annatar
16%
oldest known nazgul Khamul
16%
the age of gandalf 15,000
1%
names for mount doom Amon Armarth
0%
names of the five istari Saruman the White, Gandalf the Grey, Alatar the Blue, Pallando the Blue, Radagast the Bown
0%
No matching quizzes found
Score Distribution
Percent of People with Each Score
Percentile by Number Answered
Your Score History
You have not taken this quiz